000 00426nam a22001577a 4500
003 OSt
008 260416b |||||||| |||| 00| 0 eng d
082 _a632.95042
_bK98I
100 _a47P.
245 _aInvestigation on Compatibility of Pesticide and Trichoderma with Lens Rhizobium
260 _aPusa, Samastipur
_bRAU, Pusa
_c2011
502 _bMsc.
_d2011
650 _aPlant Pathology
650 _aMsc.
942 _2ddc
_cT
999 _c50073
_d50073